Вып. 8; Труды Ленинградского химико-технологического института имени Ленинградского совета (Ленсовета)

Bibliografiset tiedot
Parent link:Труды Ленинградского химико-технологического института имени Ленинградского совета (Ленсовета): [сборник]/ Ленинградский химико-технологический институт им. Ленсовета (ЛХТИ). Вып. 8.— , 1934-
Muut tekijät: Маляров Г. А. (редактор)
Kieli:venäjä
Julkaistu: 1940
Aiheet:
Aineistotyyppi: Kirja
KOHA link:https://koha.lib.tpu.ru/cgi-bin/koha/opac-detail.pl?biblionumber=320354

MARC

LEADER 00000nam2a2200000 4500
001 320354
005 20231102003254.0
035 |a (RuTPU)RU\TPU\book\345885 
035 |a RU\TPU\book\345712 
035 |a RU\TPU\book\345873 
090 |a 320354 
100 |a 20160627d1940 k y0rusy50 ca 
101 0 |a rus 
102 |a RU 
105 |a a z 001zy 
200 0 |a Вып. 8  |f под ред. Г. А. Малярова 
210 |d 1940 
215 |a 188 с.  |c ил. 
320 |a Библиогр. в примеч. 
461 1 |0 (RuTPU)RU\TPU\book\345617  |t Труды Ленинградского химико-технологического института имени Ленинградского совета (Ленсовета)  |o [сборник]  |f Ленинградский химико-технологический институт им. Ленсовета (ЛХТИ)  |v Вып. 8  |d 1934-  
606 1 |a Химическая технология  |x Процессы  |2 stltpush  |3 (RuTPU)RU\TPU\subj\31251  |9 54153 
610 1 |a осадки 
610 1 |a органические соединения 
610 1 |a строение 
610 1 |a состав 
610 1 |a свет 
610 1 |a поглощение 
610 1 |a гальванические ванны 
610 1 |a технический ацетат 
610 1 |a теория статики 
675 |a 66.021  |v 4 
702 1 |a Маляров  |b Г. А.  |4 340 
801 1 |a RU  |b 63413507  |c 20160705 
801 2 |a RU  |b 63413507  |c 20191003  |g RCR 
942 |c BK